[Event "LSS BI-2009-F-00002"]
[Site "LSS email"]
[Date "2010.02.15"]
[Round "?"]
[White "Broniek, Mariusz Maciej"]
[Black "Walker, Jeffrey"]
[Result "1/2-1/2"]
[WhiteElo "2338"]
[BlackElo "2107"]
[PlyCount "175"]
[EventDate "2010.02.17"]
[EventType "tourn (corr)"]
[EventRounds "10"]
[EventCountry "GER"]
[SourceTitle "Telechess CBM 141"]
[Source "ChessBase"]
[SourceDate "2011.03.17"]
[SourceVersion "1"]
[SourceVersionDate "2011.03.17"]
[SourceQuality "1"]

1. e4 e6 2. d4 d5 3. Nc3 Nf6 4. e5 Nfd7 5. f4 c5 6. Nf3 Nc6 7. Be3 cxd4 8. Nxd4 Bc5 9. Qd2 Bxd4 10. Bxd4 Nxd4 11. Qxd4 Qb6 12. Nb5 Qxd4 13. Nxd4 Ke7 14. h4 Nb8 15. h5 Nc6 16. Nf3 h6 17. Kd2 Bd7 18. Bd3 Rac8 19. c3 Rc7 20. g4 Rb8 21. g5 b5 22. Rac1 Na5 23. b3 Nc6 24. gxh6 gxh6 25. Rhg1 Rcc8 26. Nh2 b4 27. cxb4 Nxb4 28. Ng4 Rxc1 29. Rxc1 a5 30. Rc7 Kd8 31. Rc5 Nxd3 32. Kxd3 a4 33. bxa4 Rb4 34. Nxh6 Rxf4 35. a5 Bc8 36. Rc6 Kd7 37. Rb6 f6 38. Nf7 fxe5 39. Nxe5+ Kc7 40. h6 Rh4 41. Rc6+ Kd8 42. Nf7+ Kd7 43. Rb6 Kc7 44. a3 d4 45. Kc4 Bd7 46. Rb2 Bc6 47. a6 Bd5+ 48. Kc5 d3 49. a7 Rc4+ 50. Kb5 Rc2 51. Rb1 Rh2 52. Rc1+ Kb7 53. Rc3 e5 54. Nd8+ Kxa7 55. Rxd3 Be4 56. Rd6 Kb8 57. Rf6 Kc7 58. Ne6+ Kd6 59. Ng5+ Kd5 60. Nxe4 Rb2+ 61. Ka6 Kxe4 62. a4 Rb8 63. a5 Kd5 64. Rb6 Ra8+ 65. Kb5 e4 66. Rb7 Kd4 67. Rd7+ Kc3 68. a6 e3 69. Re7 Kd2 70. a7 e2 71. Ka6 Rf8 72. Kb7 Rf7 73. Rxf7 e1Q 74. a8Q Qe4+ 75. Ka7 Qa4+ 76. Kb6 Qxa8 77. Rd7+ Kc1 78. Rc7+ Kb2 79. h7 Qh1 80. Ka7 Qh2 81. Rb7+ Kc3 82. Kb6 Qh6+ 83. Ka5 Kc4 84. Rb4+ Kc5 85. Rb5+ Kc4 86. Rb4+ Kc5 87. Rb5+ Kc4 88. Rb4+ 1/2-1/2

[Event "LSS BI-2009-F-00002"]
[Site "LSS email"]
[Date "2010.02.15"]
[Round "?"]
[White "Walker, Jeffrey"]
[Black "Martucci, Massimo"]
[Result "1/2-1/2"]
[WhiteElo "2107"]
[BlackElo "1939"]
[PlyCount "37"]
[EventDate "2010.02.17"]
[EventType "tourn (corr)"]
[EventRounds "10"]
[EventCountry "GER"]
[SourceTitle "Corr 2013"]
[Source "ChessBase"]
[SourceDate "2012.11.12"]
[SourceVersion "1"]
[SourceVersionDate "2012.11.12"]
[SourceQuality "1"]

1. c4 e6 2. g3 d5 3. Bg2 Nf6 4. Nf3 dxc4 5. Qc2 a6 6. Ne5 Nd5 7. Nxc4 b5 8. Ne3 Bb7 9. Nxd5 Bxd5 10. Bxd5 Qxd5 11. 0-0 Nc6 12. Nc3 Qd7 13. e3 Nb4 14. Qe4 Rd8 15. d4 Be7 16. a3 f5 17. Qf3 Nd5 18. Nxd5 Qxd5 19. Qxd5 1/2-1/2

[Event "LSS BI-2009-F-00002"]
[Site "LSS email"]
[Date "2010.02.15"]
[Round "?"]
[White "Walker, Jeffrey"]
[Black "Perevozchikov, Viacheslav"]
[Result "1/2-1/2"]
[WhiteElo "2102"]
[BlackElo "1936"]
[PlyCount "39"]
[EventDate "2010.02.17"]
[EventType "tourn (corr)"]
[EventRounds "10"]
[EventCountry "GER"]
[SourceTitle "Telechess CBM 141"]
[Source "ChessBase"]
[SourceDate "2011.03.17"]
[SourceVersion "1"]
[SourceVersionDate "2011.03.17"]
[SourceQuality "1"]

1. c4 f5 2. g3 Nf6 3. Bg2 g6 4. Nc3 Bg7 5. d3 0-0 6. e4 d6 7. Nge2 fxe4 8. dxe4 c5 9. 0-0 Nc6 10. f4 Be6 11. Nd5 Qd7 12. a3 Bg4 13. Ne3 Bh3 14. Qd3 e5 15. Nd5 exf4 16. Nxf6+ Rxf6 17. Bxh3 Qxh3 18. Nxf4 Qd7 19. Qd5+ Qf7 20. Bd2 1/2-1/2

[Event "LSS RA-2009-0-00057"]
[Site "LSS email"]
[Date "2009.08.03"]
[Round "?"]
[White "Walker, Jeffrey"]
[Black "Karlsson, Patrik"]
[Result "1/2-1/2"]
[WhiteElo "2071"]
[BlackElo "2004"]
[PlyCount "35"]
[EventDate "2009.06.07"]
[EventType "tourn (corr)"]
[EventRounds "6"]
[EventCountry "GER"]
[SourceTitle "Corr 2011"]
[Source "ChessBase"]
[SourceDate "2010.08.31"]
[SourceVersion "1"]
[SourceVersionDate "2010.08.31"]
[SourceQuality "1"]

1. c4 e5 2. g3 Nf6 3. Bg2 d5 4. cxd5 Nxd5 5. Nf3 Nc6 6. 0-0 Nb6 7. b3 Be7 8. Bb2 f6 9. Nc3 0-0 10. Rc1 Be6 11. d4 Nxd4 12. Nxd4 exd4 13. Ne4 d3 14. exd3 c6 15. Re1 Re8 16. Qc2 Qd7 17. d4 Bh3 18. Bh1 1/2-1/2

[Event "LSS SA-2009-0-00074"]
[Site "LSS email"]
[Date "2009.08.01"]
[Round "?"]
[White "Sadowski, Marek"]
[Black "Walker, Jeffrey"]
[Result "1/2-1/2"]
[WhiteElo "2180"]
[BlackElo "2129"]
[PlyCount "32"]
[EventDate "2009.07.12"]
[EventType "tourn (corr)"]
[EventRounds "6"]
[EventCountry "GER"]
[SourceTitle "Corr 2013"]
[Source "ChessBase"]
[SourceDate "2012.11.12"]
[SourceVersion "1"]
[SourceVersionDate "2012.11.12"]
[SourceQuality "1"]
[WhiteTeam "US of America"]
[BlackTeam "US of America"]
[WhiteTeamCountry "USA"]
[BlackTeamCountry "USA"]

1. e4 e6 2. d4 d5 3. Nd2 h6 4. Ngf3 Nf6 5. e5 Nfd7 6. Bd3 c5 7. c4 dxc4 8. Nxc4 Nc6 9. 0-0 cxd4 10. Be4 Nb6 11. Qb3 Nxc4 12. Qxc4 Bd7 13. Nxd4 Nxd4 14. Qxd4 Bb5 15. Rd1 Qxd4 16. Rxd4 Bc5 1/2-1/2

[Event "LSS RA-2009-0-00057"]
[Site "LSS email"]
[Date "2009.07.28"]
[Round "?"]
[White "Walker, Jeffrey"]
[Black "Kroes, Friso"]
[Result "1-0"]
[WhiteElo "2071"]
[BlackElo "2085"]
[PlyCount "117"]
[EventDate "2009.06.07"]
[EventType "tourn (corr)"]
[EventRounds "6"]
[EventCountry "GER"]
[SourceTitle "Corr 2011"]
[Source "ChessBase"]
[SourceDate "2010.08.31"]
[SourceVersion "1"]
[SourceVersionDate "2010.08.31"]
[SourceQuality "1"]

1. c4 c6 2. g3 d5 3. Bg2 Nf6 4. Nf3 dxc4 5. Qc2 Be6 6. Ng5 Bd5 7. e4 h6 8. Nh3 Be6 9. Nf4 Bc8 10. Qxc4 e5 11. Nd3 Bd6 12. 0-0 0-0 13. Qc3 Re8 14. b3 c5 15. Na3 Nc6 16. Nc4 Nd4 17. Re1 b6 18. Bb2 Bc7 19. b4 b5 20. Ncxe5 Rxe5 21. bxc5 Nc6 22. Nf4 Bb7 23. Nd5 b4 24. Qc4 Rb8 25. Nxc7 Qxc7 26. d4 Ree8 27. d5 Ne5 28. Bxe5 Qxe5 29. c6 Bc8 30. f4 Qc7 31. Qc5 Nd7 32. Qd4 Nf8 33. e5 Qa5 34. Rac1 Rb5 35. d6 Be6 36. c7 Rc8 37. Bc6 Qb6 38. Red1 Qxd4+ 39. Rxd4 Rb6 40. Kf2 Nd7 41. Be4 f5 42. Bf3 Kf7 43. Rc6 a5 44. Rxb6 Nxb6 45. Ke3 Rf8 46. Bc6 Rc8 47. Rd1 Bd7 48. Bxd7 Nxd7 49. g4 fxg4 50. Kd4 Ke6 51. f5+ Kxf5 52. Kd5 Nb6+ 53. Kc6 Na8 54. Kb7 Rxc7+ 55. dxc7 Nxc7 56. Kxc7 Kxe5 57. Kc6 a4 58. Kb5 b3 59. a3 1-0

[Event "LSS RA-2009-0-00055"]
[Site "LSS email"]
[Date "2009.07.07"]
[Round "?"]
[White "Rook, Detlef"]
[Black "Walker, Jeffrey"]
[Result "1-0"]
[WhiteElo "2044"]
[BlackElo "2071"]
[PlyCount "101"]
[EventDate "2009.05.22"]
[EventType "tourn (corr)"]
[EventRounds "6"]
[EventCountry "GER"]
[SourceTitle "Corr 2011"]
[Source "ChessBase"]
[SourceDate "2010.08.31"]
[SourceVersion "1"]
[SourceVersionDate "2010.08.31"]
[SourceQuality "1"]

1. b4 e6 2. Bb2 f5 3. c4 Nf6 4. b5 Be7 5. e3 d5 6. Nh3 0-0 7. cxd5 exd5 8. Nf4 a6 9. a4 axb5 10. axb5 Rxa1 11. Bxa1 c6 12. Bd3 Ne4 13. Qc2 Nc5 14. Be2 Ne6 15. 0-0 Qc7 16. g3 Nxf4 17. exf4 Be6 18. Be5 Qc8 19. Rc1 c5 20. Qb2 g6 21. Bf3 Nd7 22. d3 Rd8 23. Nc3 Nxe5 24. fxe5 Qc7 25. d4 Bg5 26. b6 Qg7 27. Re1 f4 28. Nb5 fxg3 29. hxg3 c4 30. Nc7 Qd7 31. Ra1 Qc6 32. Nxe6 Qxe6 33. Ra5 Kh8 34. Rc5 h5 35. Kg2 h4 36. gxh4 Bxh4 37. Rc7 Qf5 38. Rxb7 Rf8 39. Qa3 g5 40. Qe3 Qe6 41. Ra7 Qxb6 42. Qa3 Rb8 43. Bg4 Re8 44. Re7 Rxe7 45. Qxe7 Qg6 46. Qf8+ Qg8 47. Qf3 Qg7 48. e6 Qe7 49. Qxd5 Kg7 50. Qxc4 Qd6 51. d5 1-0

[Event "LSS RA-2009-0-00054"]
[Site "LSS email"]
[Date "2009.07.01"]
[Round "?"]
[White "Walker, Jeffrey"]
[Black "Jovanovic, Bratislav"]
[Result "1/2-1/2"]
[WhiteElo "1955"]
[BlackElo "2076"]
[PlyCount "31"]
[EventDate "2009.05.14"]
[EventType "tourn (corr)"]
[EventRounds "6"]
[EventCountry "GER"]
[SourceTitle "Corr 2013"]
[Source "ChessBase"]
[SourceDate "2012.11.12"]
[SourceVersion "1"]
[SourceVersionDate "2012.11.12"]
[SourceQuality "1"]

1. Nf3 e6 2. g3 d5 3. c4 c6 4. b3 f5 5. Bb2 Nf6 6. Bg2 Bd6 7. d3 Qe7 8. 0-0 0-0 9. Nc3 Nbd7 10. e4 dxe4 11. dxe4 Nxe4 12. Nxe4 fxe4 13. Nd2 e3 14. fxe3 Rxf1+ 15. Qxf1 Be5 16. Bxe5 1/2-1/2

[Event "LSS SA-2009-0-00066"]
[Site "LSS email"]
[Date "2009.06.27"]
[Round "?"]
[White "Chukanov, Igor Anatolievich"]
[Black "Walker, Jeffrey"]
[Result "1/2-1/2"]
[WhiteElo "2182"]
[BlackElo "1955"]
[PlyCount "125"]
[EventDate "2009.06.11"]
[EventType "tourn (corr)"]
[EventRounds "6"]
[EventCountry "GER"]
[SourceTitle "Corr 2011"]
[Source "ChessBase"]
[SourceDate "2010.08.31"]
[SourceVersion "1"]
[SourceVersionDate "2010.08.31"]
[SourceQuality "1"]

1. e4 e6 2. d4 d5 3. Nc3 Nf6 4. e5 Nfd7 5. f4 c5 6. Nf3 Nc6 7. Be3 cxd4 8. Nxd4 Bc5 9. Qd2 Bxd4 10. Bxd4 Nxd4 11. Qxd4 Qb6 12. Nb5 Qxd4 13. Nxd4 Ke7 14. h4 Nc5 15. h5 Bd7 16. Bd3 g5 17. hxg6 hxg6 18. Kd2 Rag8 19. Nf3 Bc6 20. Ke3 Rh5 21. b3 Rgh8 22. Rxh5 Rxh5 23. Rc1 Rh8 24. Kd4 b6 25. Ke3 Bb7 26. a3 Ba8 27. b4 Na4 28. c4 Rc8 29. g3 a6 30. Rc2 dxc4 31. Rxc4 Rxc4 32. Bxc4 Bxf3 33. Kxf3 b5 34. Bd3 Nb2 35. Be2 Kd7 36. Ke3 Na4 37. Kd4 Nb6 38. Bd3 Kc6 39. Bc2 Kc7 40. Bb3 Kd7 41. g4 Kc7 42. f5 gxf5 43. gxf5 exf5 44. Bxf7 Kd7 45. Bb3 Ke7 46. Ba2 Nc4 47. Bxc4 bxc4 48. Kxc4 Ke6 49. Kd4 f4 50. Ke4 f3 51. Kxf3 Kxe5 52. Ke3 a5 53. Kd3 axb4 54. axb4 Kd5 55. Kc3 Kc6 56. Kc4 Kb6 57. b5 Kb7 58. Kc5 Kc7 59. b6+ Kb7 60. Kb5 Kb8 61. Ka6 Ka8 62. b7+ Kb8 63. Kb6 1/2-1/2

[Event "LSS RA-2009-0-00045"]
[Site "LSS email"]
[Date "2009.03.28"]
[Round "?"]
[White "Llorente Alvarez, Jose Luis"]
[Black "Walker, Jeffrey"]
[Result "1/2-1/2"]
[WhiteElo "2043"]
[BlackElo "1849"]
[PlyCount "120"]
[EventDate "2009.03.01"]
[EventType "tourn (corr)"]
[EventRounds "6"]
[EventCountry "GER"]
[SourceTitle "Corr 2011"]
[Source "ChessBase"]
[SourceDate "2010.08.31"]
[SourceVersion "1"]
[SourceVersionDate "2010.08.31"]
[SourceQuality "1"]

1. e4 e6 2. d4 d5 3. Nd2 c5 4. exd5 Qxd5 5. Ngf3 cxd4 6. Bc4 Qd6 7. 0-0 Nf6 8. Nb3 Nc6 9. Nbxd4 Nxd4 10. Nxd4 a6 11. Re1 Qc7 12. Qe2 Bd6 13. Bg5 0-0 14. Bxf6 gxf6 15. Qg4+ Kh8 16. Qh4 Be7 17. Bf1 f5 18. Qh5 Bf6 19. c3 Rg8 20. g3 b5 21. Bg2 Bb7 22. Rad1 Rad8 23. Bxb7 Qxb7 24. Nb3 Kg7 25. Nc5 Qc6 26. Nd3 Qc4 27. Nf4 Rxd1 28. Rxd1 Rd8 29. Rxd8 Bxd8 30. a3 h6 31. Qf3 Bc7 32. Nd3 a5 33. h3 Kg6 34. Qe3 Qd5 35. Nf4+ Bxf4 36. Qxf4 Qd3 37. Qc7 a4 38. h4 Qb1+ 39. Kg2 Qe4+ 40. Kh2 f4 41. gxf4 Qf3 42. h5+ Qxh5+ 43. Kg3 Qd5 44. f3 h5 45. Qe7 Kg7 46. Qc7 h4+ 47. Kxh4 Qxf3 48. Qe5+ f6 49. Qxe6 Qxf4+ 50. Kh3 Qe5 51. Qg4+ Kh6 52. Qc8 Qe2 53. Kg3 Qe3+ 54. Kg4 Qg1+ 55. Kf3 Qh1+ 56. Kg3 Qe1+ 57. Kf3 Qd1+ 58. Kg3 Qd3+ 59. Kg4 Qe4+ 60. Kg3 Qe5+ 1/2-1/2

[Event "LSS SB-2008-0-00003"]
[Site "LSS email"]
[Date "2008.02.13"]
[Round "?"]
[White "Walker, Jeffrey"]
[Black "Aguilar, Sebastian"]
[Result "1/2-1/2"]
[WhiteElo "1811"]
[BlackElo "1824"]
[PlyCount "20"]
[EventDate "2008.01.28"]
[EventType "tourn (corr)"]
[EventRounds "6"]
[EventCountry "GER"]
[SourceTitle "Corr 2011"]
[Source "ChessBase"]
[SourceDate "2010.08.31"]
[SourceVersion "1"]
[SourceVersionDate "2010.08.31"]
[SourceQuality "1"]

1. Nc3 c5 2. Nf3 Nc6 3. d4 cxd4 4. Nxd4 g6 5. Be3 Bg7 6. Nxc6 dxc6 7. Qxd8+ Kxd8 8. 0-0-0+ Kc7 9. Bd4 Bxd4 10. Rxd4 e5 1/2-1/2

[Event "LSS SB-2008-0-00003"]
[Site "LSS email"]
[Date "2008.02.11"]
[Round "?"]
[White "Van Esbroeck, Jeff"]
[Black "Walker, Jeffrey"]
[Result "1/2-1/2"]
[WhiteElo "1839"]
[BlackElo "1811"]
[PlyCount "42"]
[EventDate "2008.01.28"]
[EventType "tourn (corr)"]
[EventRounds "6"]
[EventCountry "GER"]
[SourceTitle "Corr 2011"]
[Source "ChessBase"]
[SourceDate "2010.08.31"]
[SourceVersion "1"]
[SourceVersionDate "2010.08.31"]
[SourceQuality "1"]

1. e4 Nc6 2. Nf3 Nf6 3. Nc3 d5 4. exd5 Nxd5 5. d4 Nxc3 6. bxc3 Bg4 7. Rb1 e5 8. h3 Bc8 9. Bb5 exd4 10. Nxd4 Bd7 11. 0-0 Be7 12. Bd3 0-0 13. Rxb7 Nxd4 14. cxd4 Bc6 15. Rb3 Qd5 16. Qf3 Qxf3 17. gxf3 Bf6 18. c3 Bxf3 19. Re1 Rfd8 20. Rb5 c6 21. Ra5 Rd7 1/2-1/2

[Event "LSS SB-2008-0-00003"]
[Site "LSS email"]
[Date "2008.02.11"]
[Round "?"]
[White "Walker, Jeffrey"]
[Black "Wicklund Hansen, Gunnar"]
[Result "1-0"]
[WhiteElo "1811"]
[BlackElo "1877"]
[PlyCount "53"]
[EventDate "2008.01.28"]
[EventType "tourn (corr)"]
[EventRounds "6"]
[EventCountry "GER"]
[SourceTitle "Corr 2011"]
[Source "ChessBase"]
[SourceDate "2010.08.31"]
[SourceVersion "1"]
[SourceVersionDate "2010.08.31"]
[SourceQuality "1"]

1. Nc3 d5 2. e4 d4 3. Nce2 Nc6 4. Ng3 e5 5. Bc4 Nf6 6. Nf3 Bc5 7. 0-0 0-0 8. d3 h6 9. Bd2 a5 10. Nh4 Bg4 11. Qe1 Bb4 12. c3 Bc5 13. Ngf5 a4 14. h3 Bxf5 15. Nxf5 a3 16. bxa3 Rxa3 17. Qc1 dxc3 18. Bxh6 gxh6 19. Qxh6 Ne8 20. Qg6+ Kh8 21. Bxf7 Rxf7 22. Qxf7 c2 23. Rac1 Rc3 24. Rfe1 b5 25. Re2 Nb4 26. Re3 Bxe3 27. Qf8+ 1-0

[Event "IECG OP.2006.0.00093"]
[Site "IECG email"]
[Date "2006.07.18"]
[Round "?"]
[White "Walker, Jeffrey"]
[Black "Larwinski, Paul"]
[Result "1/2-1/2"]
[WhiteElo "1200"]
[BlackElo "1776"]
[PlyCount "105"]
[EventDate "2006.07.18"]
[EventType "tourn (corr)"]
[EventRounds "6"]
[SourceTitle "Corr 2008"]
[Source "ChessBase"]
[SourceDate "2008.06.24"]
[SourceVersion "1"]
[SourceVersionDate "2008.06.24"]
[SourceQuality "1"]

1. f4 d5 2. Nf3 f5 3. b3 e6 4. Bb2 Nf6 5. e3 Be7 6. Be2 0-0 7. 0-0 c5 8. Ne5 Nbd7 9. d3 Nxe5 10. fxe5 Nd7 11. d4 a6 12. a4 Bg5 13. Qd3 b6 14. Nd2 Bb7 15. Nf3 Bh6 16. c4 a5 17. Ba3 dxc4 18. bxc4 Qc7 19. Rad1 Rad8 20. Qb3 f4 21. exf4 Bxf4 22. Kh1 Kh8 23. Ng1 Bh6 24. Rxf8+ Rxf8 25. Bf3 Ba6 26. Bg4 Re8 27. Nf3 Bf4 28. Qd3 Bb7 29. Re1 cxd4 30. Qxd4 Bh6 31. Qd6 Qc6 32. Rd1 Nf8 33. Qxc6 Bxc6 34. Bxf8 Rxf8 35. Rd6 Bxa4 36. Rxb6 Be3 37. Ra6 Rb8 38. h4 Bf4 39. g3 Bxg3 40. Bxe6 Bd1 41. Kg2 Bf4 42. Bd5 Bxf3+ 43. Kxf3 Bxe5 44. c5 g6 45. Rxa5 Rc8 46. c6 Rc7 47. Kg4 Kg7 48. Ra8 Re7 49. Rg8+ Kf6 50. Rf8+ Kg7 51. Rf3 h5+ 52. Kh3 Bd6 53. Bc4 1/2-1/2

[Event "IECG RL.2006.0.00050"]
[Site "IECG email"]
[Date "2006.07.14"]
[Round "?"]
[White "Werbrouck, Jean Michel"]
[Black "Walker, Jeffrey"]
[Result "0-1"]
[WhiteElo "1032"]
[BlackElo "1200"]
[PlyCount "46"]
[EventDate "2006.07.14"]
[EventType "tourn (corr)"]
[EventRounds "6"]
[SourceTitle "Corr 2008"]
[Source "ChessBase"]
[SourceDate "2008.06.24"]
[SourceVersion "1"]
[SourceVersionDate "2008.06.24"]
[SourceQuality "1"]

1. e4 c5 2. Nf3 d6 3. d4 cxd4 4. Nxd4 Nf6 5. Nc3 g6 6. Bb5+ Bd7 7. Bxd7+ Qxd7 8. 0-0 Nc6 9. h3 Bg7 10. f4 Nxe4 11. Nxc6 Nxc3 12. bxc3 Qxc6 13. Rb1 0-0 14. Qf3 Qxf3 15. Rxf3 b6 16. Bb2 Rac8 17. Re1 e6 18. Ba3 Rfd8 19. Rd1 d5 20. Rdd3 Rc4 21. Bb2 Ra4 22. a3 Bf8 23. Rd4 Bc5 0-1

[Event "IECG RL.2006.0.00049"]
[Site "IECG email"]
[Date "2006.07.07"]
[Round "?"]
[White "Schalkwijk, Peter H"]
[Black "Walker, Jeffrey"]
[Result "0-1"]
[WhiteElo "1583"]
[BlackElo "1200"]
[PlyCount "60"]
[EventDate "2006.07.07"]
[EventType "tourn (corr)"]
[EventRounds "6"]
[SourceTitle "Corr 2008"]
[Source "ChessBase"]
[SourceDate "2008.06.24"]
[SourceVersion "1"]
[SourceVersionDate "2008.06.24"]
[SourceQuality "1"]

1. d4 Nf6 2. Nf3 g6 3. Nc3 d5 4. Bg5 Nbd7 5. e3 Bg7 6. Be2 0-0 7. 0-0 c6 8. Rb1 Re8 9. Ne5 Nxe5 10. dxe5 Nd7 11. e4 dxe4 12. e6 Ne5 13. exf7+ Nxf7 14. Bc4 Qxd1 15. Rbxd1 b5 16. Bb3 Bf5 17. h3 a5 18. g4 e6 19. gxf5 Nxg5 20. Bxe6+ Nxe6 21. fxe6 Bxc3 22. bxc3 Rxe6 23. Rfe1 Rf8 24. Rd4 Rf3 25. c4 Rxh3 26. cxb5 cxb5 27. c4 bxc4 28. Rxc4 Ra3 29. Re2 Re7 30. Kh2 Kg7 0-1

[Event "IECG OP.2006.0.00089"]
[Site "IECG email"]
[Date "2006.07.06"]
[Round "?"]
[White "Sherwood, Russell"]
[Black "Walker, Jeffrey"]
[Result "1/2-1/2"]
[WhiteElo "1806"]
[BlackElo "1200"]
[PlyCount "133"]
[EventDate "2006.07.06"]
[EventType "tourn (corr)"]
[EventRounds "6"]
[SourceTitle "Corr 2008"]
[Source "ChessBase"]
[SourceDate "2008.06.24"]
[SourceVersion "1"]
[SourceVersionDate "2008.06.24"]
[SourceQuality "1"]

1. e4 c5 2. Nf3 d6 3. d4 cxd4 4. Nxd4 Nf6 5. f3 e5 6. Nb3 Be7 7. c4 0-0 8. Nc3 a5 9. Be3 a4 10. Nd2 Qa5 11. Be2 Nc6 12. 0-0 Nd4 13. Bd3 Bd7 14. Ndb1 Bd8 15. Na3 Bb6 16. Qd2 Rfc8 17. Rac1 Ne6 18. Nc2 Nf4 19. Rf2 Bc5 20. Bxc5 dxc5 21. Ne3 a3 22. b3 Rd8 23. Ncd5 Qxd2 24. Rxd2 Ne6 25. Nf5 Kf8 26. Kf2 Nd4 27. Nxd4 cxd4 28. f4 Ra6 29. fxe5 Ng4+ 30. Kg1 Nxe5 31. Be2 Re6 32. b4 f6 33. c5 d3 34. Bxd3 Nxd3 35. Rxd3 Bb5 36. Rd4 Re5 37. Rcd1 Bc6 38. Nc3 Rde8 39. Rb1 Bxe4 40. Rb3 Bg6 41. Rxa3 Re1+ 42. Kf2 Bf7 43. h3 Rc1 44. Ne4 Re5 45. Nd6 Rc2+ 46. Kg1 Bxa2 47. Ra8+ Ke7 48. Rd3 Rg5 49. g4 Rd5 50. Rxd5 Bxd5 51. Rh8 Rg2+ 52. Kf1 Rb2 53. Rxh7 Rxb4 54. Rxg7+ Ke6 55. h4 b6 56. Nf5 Ke5 57. cxb6 Rxb6 58. Ne3 Rb1+ 59. Ke2 Rb2+ 60. Ke1 Rb1+ 61. Kd2 Rb2+ 62. Kc1 Rh2 63. Re7+ Be6 64. h5 Kd6 65. Re8 Bxg4 66. Nxg4 Rxh5 67. Nxf6 1/2-1/2

[Event "IECG OP.2006.0.00086"]
[Site "IECG email"]
[Date "2006.07.02"]
[Round "?"]
[White "Walker, Jeffrey"]
[Black "Wurschner, Miroslav"]
[Result "1-0"]
[WhiteElo "1200"]
[BlackElo "2245"]
[PlyCount "73"]
[EventDate "2006.07.02"]
[EventType "tourn (corr)"]
[EventRounds "6"]
[SourceTitle "Corr 2008"]
[Source "ChessBase"]
[SourceDate "2008.06.24"]
[SourceVersion "1"]
[SourceVersionDate "2008.06.24"]
[SourceQuality "1"]

1. e4 c5 2. Nc3 Nc6 3. f4 d6 4. Bb5 Bd7 5. Nf3 g6 6. 0-0 Bg7 7. d3 a6 8. Bxc6 Bxc6 9. Qe1 b5 10. Bd2 Qd7 11. a3 Nh6 12. h3 0-0 13. f5 Kh8 14. Qh4 Ng8 15. Rae1 e6 16. Ng5 Nf6 17. Nxh7 Nxh7 18. f6 Bxf6 19. Rxf6 a5 20. Nd5 Bxd5 21. exd5 e5 22. Bg5 Rg8 23. Ref1 Rg7 24. Bh6 Rf8 25. b3 Nxf6 26. Qxf6 Rfg8 27. Re1 Qf5 28. Bxg7+ Rxg7 29. Qxd6 Qf4 30. Qxe5 Qxe5 31. Rxe5 f6 32. Re8+ Rg8 33. Rxg8+ Kxg8 34. Kf2 Kf7 35. Ke3 Ke7 36. c4 b4 37. a4 1-0